00594nam a2200169Ia 4500008004100000041001200041082001600053100001500069245006900084260003900153300000800192650001400200700001800214942000700232999001500239952017000254221030s9999 xx 000 0 und d aEnglish a105.23bJai aA. C. Jain 0aModern College Chemistry - Organiccby A. C. Jain, P. L. Khanna bVishal Pub. HouseaNew Delhic1974 a399 aChemistry aP. L. Khanna cBK c8208d8208 pBE 6399g18.00l0o105.23 Jair2024-06-13 00:00:00w2022-10-30yBK003Print4070aMIETLIBbMIETLIBcBL-Academic Block C, FL-2, CUP-19, SH-1, R-1d2003-01-3110HBE